| 000 | 00774nam a2200241Ia 4500 | ||
|---|---|---|---|
| 001 | 9954 | ||
| 003 | GE_BSU | ||
| 008 | 181216s||||||||xx |||||||||||||| ||und|| | ||
| 040 | _cGE_BSU | ||
| 080 | _a821.353.1-1 | ||
| 100 | _aნარიმანიძე,სილოვან | ||
| 245 | _aის მწვერვალები | ||
| 245 | _bლექსები. | ||
| 245 | _cრედ:ლამარა თურმანიძე;მხატვ:ემირ ბურჯანაძე | ||
| 260 | _aთბილისი. | ||
| 260 | _bმერანი. | ||
| 260 | _c1976. | ||
| 300 | _a371გვ;16სმ. | ||
| 300 | _bნახატი. | ||
| 653 | _aის მწვერვალები | ||
| 653 | _aლექსები. | ||
| 942 | _cBK | ||
| 999 |
_c43227 _d43227 |
||